000 01232nam a2200277Ia 4500
003 OSt
005 20221005105742.0
006 a|||||r|||| 00| 0
007 ta
008 221004b |||||||| |||| 00| 0 hin d
020 _a9788173095658 (hbk)
_c160
024 _a13628
037 _b1155, 21/03/2014, Anamika Publishers & Distributors Pvt. Ltd.
_cTextual
040 _aCRL
_cCRL
_bhin
041 _2hin
_ahin
082 _aO152,6N11x, Q1
100 _aस. ही. वात्स्यायन, ‘अज्ञेय’
_9623935
245 0 _aकलास्वाद का मर्म
246 _aKalāswād kā marma
260 _aनई दिल्ली
_bसस्ता साहित्य मंडल प्रकाशन भारत
_c2011
300 _a118पृ0
_ccm.
650 _aहिन्दी साहित्य
700 _a पालीवाल, कृष्णदत्त, संपा.
942 _hO152,6N11x, Q1
_cTEXL
_2cc
999 _c1016804
_d1016804